| 000 | 00602nam a2200205 a 4500 | ||
|---|---|---|---|
| 005 | 20210223124410.0 | ||
| 008 | 010926s2000 r 000 0 eng d | ||
| 020 | _a8495114542 | ||
| 035 | _aUPN01000112117 | ||
| 049 | _aCG | ||
| 050 | 4 |
_aGV711.5 _bB6.38 |
|
| 100 | 1 | _aBosco, Carmelo | |
| 245 | 1 | 3 |
_aLa fuerza muscular : _baspectos metodológicos / _cCarmelo Bosco; tr. Ruth Ballesteros Canel. |
| 260 |
_aBarcelona, Esp. : _bINDE, _c2000. |
||
| 300 |
_a390 p. : _bfigs., tablas. |
||
| 440 | 0 | _aRendimiento deportivo | |
| 650 | 4 | _aFUERZA MUSCULAR | |
| 650 | 4 |
_aAPTITUD FISICA _91412 |
|
| 905 | _aLibro | ||
| 999 |
_c86025 _d86025 |
||